00593cam a22002291 4500001001300000003000400013005001700017008004100034010001700075035002000092040001800112041001300130050001800143100004100161245002200202260001100224300001900235500001400254650004700268700003100315999001700346sa 67003200 DLC20260227112336.0910926s1966 ii 000 0 hino  asa 67003200  a(OCoLC)24460098 aDLCcWaUdDLC1 ahinhinc00aPK2131.A1bS51 aŚrotriya, Kr̥shṇacandra,d1908-10aAntarbhāratī. c[1966] a114 p.c19 cm. aIn Hindi. 0aIndic literaturexTranslations into Hindi.1 aBhanawat, Narendra,d1934- c73695d73695